[Event "BRA-ch Amateurs U2000"]
[Site "Sao Paulo"]
[Date "2024.06.01"]
[Round "5"]
[White "De Resende, Sidnei"]
[Black "De Melo, Andre Nascimento"]
[Result "0-1"]
[WhiteElo "1814"]
[BlackElo "1763"]
[PlyCount "70"]
[EventDate "2024.05.30"]
[EventType "swiss"]
[EventRounds "7"]
[EventCountry "BRA"]
[SourceTitle "CB23_2024"]
[SourceDate "2024.06.05"]
[SourceVersion "1"]
[SourceVersionDate "2024.06.05"]
[SourceQuality "1"]

1. e4 c6 2. d4 d5 3. e5 Bf5 4. h4 h5 5. Nf3 e6 6. Bd3 Bxd3 7. Qxd3 Qa5+ 8. Nbd2 Qa6 9. c4 Ne7 10. 0-0 Nd7 11. b3 Nf5 12. Bb2 Be7 13. g3 Rd8 14. Rfe1 c5 15. Qe2 cxd4 16. Nxd4 Nxd4 17. Bxd4 Nb8 18. Bc3 Nc6 19. a3 dxc4 20. bxc4 Bc5 21. Nb3 b6 22. Bb4 Nd4 23. Nxd4 Rxd4 24. Rac1 0-0 25. Qxh5 Rxc4 26. Bxc5 Rxc5 27. Rxc5 bxc5 28. Qf3 c4 29. Rc1 Rd8 30. Rc3 Qb5 31. Qe4 Rd1+ 32. Kg2 g6 33. Rxc4 Rd5 34. Rc8+ Kg7 35. Qc2 Rd2 0-1

[Event "BRA-ch Amateurs U2000"]
[Site "Sao Paulo"]
[Date "2024.05.30"]
[Round "2"]
[White "De Melo, Andre Nascimento"]
[Black "Spieker, Otavio Schmidt"]
[Result "1-0"]
[WhiteElo "1763"]
[BlackElo "1639"]
[PlyCount "101"]
[EventDate "2024.05.30"]
[EventType "swiss"]
[EventRounds "7"]
[EventCountry "BRA"]
[SourceTitle "CB23_2024"]
[SourceDate "2024.06.05"]
[SourceVersion "1"]
[SourceVersionDate "2024.06.05"]
[SourceQuality "1"]

1. e4 e5 2. Nf3 Nc6 3. Bc4 Bc5 4. c3 Nf6 5. d4 exd4 6. e5 Ng4 7. cxd4 Bb4+ 8. Bd2 Bxd2+ 9. Nbxd2 d6 10. h3 Nh6 11. 0-0 0-0 12. Rc1 Nf5 13. Nb3 dxe5 14. d5 e4 15. dxc6 exf3 16. Bxf7+ Kxf7 17. Qxd8 Rxd8 18. cxb7 Bxb7 19. Rxc7+ Kg8 20. Rxb7 fxg2 21. Kxg2 Nh4+ 22. Kg3 Nf5+ 23. Kh2 Nd4 24. Nxd4 Rxd4 25. Re1 Rf4 26. Ree7 Kf8 27. Kg3 Rf6 28. Rxg7 Rg6+ 29. Rxg6 hxg6 30. Kg4 a5 31. Kg5 Ra6 32. f4 Rd6 33. Ra7 Rd2 34. Rxa5 Rxb2 35. Kxg6 Rh2 36. Kf6 Ke8 37. Ra3 Kd7 38. Rd3+ Ke8 39. a4 Ra2 40. Rd4 Ra3 41. h4 Rh3 42. f5 Ra3 43. Rg4 Kf8 44. h5 Rh3 45. Kg6 Kg8 46. f6 Kf8 47. a5 Ra3 48. h6 Rh3 49. a6 Ra3 50. h7 Rh3 51. a7 1-0

[Event "Hebraica op 32nd"]
[Site "Hebraica"]
[Date "2024.02.03"]
[Round "4"]
[White "Harati, Walid Zayan"]
[Black "De Melo, Andre Nascimento"]
[Result "0-1"]
[WhiteElo "1213"]
[BlackElo "1601"]
[PlyCount "30"]
[EventDate "2024.02.02"]
[EventType "swiss"]
[EventRounds "6"]
[EventCountry "BRA"]
[SourceTitle "CB07_2024"]
[SourceDate "2024.02.14"]
[SourceVersion "1"]
[SourceVersionDate "2024.02.14"]
[SourceQuality "1"]

1. d4 e5 2. dxe5 Nc6 3. Nf3 Qe7 4. Nc3 Nxe5 5. Nxe5 Qxe5 6. e4 Bb4 7. Bd2 Nf6 8. f4 Qe7 9. e5 d6 10. Qe2 dxe5 11. fxe5 Nd7 12. a3 Ba5 13. b4 Bb6 14. Bf4 c6 15. 0-0-0 a5 0-1